|
|
|
|
| LEADER |
00759nam a2200277 4500 |
| 001 |
DLU090069865 |
| 005 |
##20090514 |
| 040 |
# |
# |
|a DLU
|b eng
|
| 041 |
# |
# |
|a eng
|
| 044 |
# |
# |
|a US
|
| 100 |
# |
# |
|a Poe, Danielle.
|
| 245 |
# |
# |
|a Replacing just war theory with an ethics of sexual difference /
|c Danielle Poe.
|
| 653 |
# |
# |
|a Bar On, Bat-Ami, 1948-
|
| 653 |
# |
# |
|a Feminism
|
| 653 |
# |
# |
|a War
|
| 653 |
# |
# |
|a Women
|
| 773 |
# |
# |
|t Hypatia
|g Vol. 23, no. 2 (Spring 2008), p. 33-47
|
| 920 |
# |
# |
|a Phòng Tạp chí -- Trung tâm Thông tin - Thư viện Trường Đại học Đà Lạt
|
| 994 |
# |
# |
|a DLU
|
| 900 |
# |
# |
|a True
|
| 911 |
# |
# |
|a Trương Bảo Trâm Anh
|
| 925 |
# |
# |
|a G
|
| 926 |
# |
# |
|a A
|
| 927 |
# |
# |
|a BB
|
| 980 |
# |
# |
|a Thư viện Trường Đại học Đà Lạt
|